000 00370nam a2200145Ia 4500
008 230718s9999 xx 000 0 und d
041 _aEng.
082 _a920
_bابن-م
100 _aابن انشاء
245 0 _aملتے ہو تو چین کو علی
260 _aPakistan
_bسنگر بیل پلی شتر
_c2002
300 _a161
650 _aLaw
999 _c28849
_d28849